Физико-технические проблемы атомной энергетики и промышленности: сборник тезисов докладов V Международной научно-практической конференции, г. Томск, 7-8 июня 2010 г.

Manylion Llyfryddiaeth
Awduron Corfforaethol: Национальный исследовательский Томский политехнический университет (ТПУ), Физико-технические проблемы атомной энергетики и промышленности научно-практическая конференция
Crynodeb:В сборник включены материалы по результатам современных исследований в области ядерного материаловедения, технологий ядерно-топливного цикла, радиационной безопасности, взаимодействия ионизирующего излучения с веществом, химической технологии редких элементов, автоматизации химических и атомных производств, подготовке специалистов в области ядерных технологий и химической промышленности. Предназначен для специалистов атомной и химической промышленностей, аспирантов и студентов соответствующих специальностей.
Iaith:Rwseg
Cyhoeddwyd: Томск, Изд-во ТПУ, 2010
Pynciau:
Fformat: Llyfr
KOHA link:https://koha.lib.tpu.ru/cgi-bin/koha/opac-detail.pl?biblionumber=210118

MARC

LEADER 00000nam0a2200000 4500
001 210118
005 20231101225607.0
010 |a 9785982986573 
035 |a (RuTPU)RU\TPU\book\229488 
035 |a RU\TPU\book\93764 
090 |a 210118 
100 |a 20120220d2010 k y0rusy50 ca 
101 0 |a rus 
102 |a RU 
105 |a y z 101zy 
200 1 |a Физико-технические проблемы атомной энергетики и промышленности  |e сборник тезисов докладов V Международной научно-практической конференции, г. Томск, 7-8 июня 2010 г.  |f Национальный исследовательский Томский политехнический университет (ТПУ) 
210 |a Томск  |c Изд-во ТПУ  |d 2010 
215 |a 201 с. 
320 |a Библиография в конце докладов. 
330 |a В сборник включены материалы по результатам современных исследований в области ядерного материаловедения, технологий ядерно-топливного цикла, радиационной безопасности, взаимодействия ионизирующего излучения с веществом, химической технологии редких элементов, автоматизации химических и атомных производств, подготовке специалистов в области ядерных технологий и химической промышленности. Предназначен для специалистов атомной и химической промышленностей, аспирантов и студентов соответствующих специальностей. 
606 1 |a Атомная энергетика  |2 stltpush  |3 (RuTPU)RU\TPU\subj\29676  |9 52954 
610 1 |a атомная промышленность 
610 1 |a прикладная ядерная физика 
610 1 |a ядерные реакторы 
610 1 |a топливные циклы 
610 1 |a ионизирующие излучения 
610 1 |a взаимодействие с веществом 
610 1 |a радиационная безопасность 
610 1 |a ядерноопасные материалы 
610 1 |a нераспространение 
610 1 |a редкие элементы 
610 1 |a рассеянные элементы 
610 1 |a радиоактивные элементы 
610 1 |a химическая технология 
610 1 |a изотопы 
610 1 |a разделение 
610 1 |a подготовка специалистов 
610 1 |a информационные технологии 
610 1 |a автоматизация 
610 1 |a конференции 
610 1 |a труды учёных ТПУ 
675 |a 621.039(063)  |v 3 
712 0 2 |a Национальный исследовательский Томский политехнический университет (ТПУ)  |c (2009- )  |2 stltpush  |3 (RuTPU)RU\TPU\col\15902 
712 1 2 |a Физико-технические проблемы атомной энергетики и промышленности  |b научно-практическая конференция  |d 5  |e Томск  |f 2010 
801 1 |a RU  |b 63413507  |c 20051207  |g PSBO 
801 2 |a RU  |b 63413507  |c 20211111  |g PSBO 
942 |c BK